00317cam a22001097a 4500008004300000082001600043100002000059245004700079260003900126300000800165650003400173180718b1967-68 xxu||||| |||| 00| 0 eng d aD49x54 G959 aGupta, Hari Ram aIndia-Pakistan war 1965cby Hari Ram Gupta aDelhibHariyana Prakashanc1967-68 a2v. aIndia-Pakistan Conflict, 1965